Statistics for Mamma Mia Cast

Click here to take the quiz!

General Stats

  • This quiz has been taken 14 times
  • The average score is 10 of 15

Answer Stats

HintAnswer% Correct
SophieAmanda Seyfried
100%
DonnaMeryl Streep
100%
HarryColin Firth
93%
SamPierce Brosnan
93%
TanyaChristine Baranski
79%
RosieJulie Walters
79%
Young DonnaLily James
79%
RubyCher
71%
SkyDominic Cooper
71%
BillStellan Skarsgard
57%
Young HarryHugh Skinner
43%
Young RosieAlexa Davies
36%
Young SamJeremy Irvine
36%
Young TanyaJessica Keenan Wynn
36%
Young BillJosh Dylan
36%

Score Distribution

Percentile by Number Answered

Percent of People with Each Score

Your Score History

You have not taken this quiz